| 000 | 00742nam a2200217 a 4500 | ||
|---|---|---|---|
| 005 | 20221014063437.0 | ||
| 008 | 010521s19942002 r 000 0 eng d | ||
| 020 | _a8420681474 | ||
| 035 | _aUPN01000106542 | ||
| 049 | _aCG | ||
| 050 | 4 |
_aBD175 _bL3.7 |
|
| 100 | 1 | _aLamo de Espinosa, Emilio | |
| 245 | 1 | 0 |
_aSociología del conocimiento y de la ciencia / _cEmilio Lamo de Espinosa, José María González García, Cristóbal Torres Albero. |
| 260 |
_aMadrid : _bAlianza, _c1994 (2002 reimpr.) |
||
| 300 | _a632 p. | ||
| 440 | 0 |
_aAlianza universidad textos ; _v147 |
|
| 650 | 7 |
_aSociología del conocimiento _2 _94897 |
|
| 700 | 1 |
_aGonzález García, José María, _ecoaut. |
|
| 700 | 1 |
_aTorres Albero, Cristóbal, _ecoaut. |
|
| 905 | _aLibro | ||
| 999 |
_c80454 _d80454 |
||